| 000 | 00419nam a22001697a 4500 | ||
|---|---|---|---|
| 003 | NUST | ||
| 020 | _a9788183564069 | ||
| 038 | _akhadija | ||
| 082 |
_a510.2462 _bSHA |
||
| 100 |
_aSharma, A.S. _982445 |
||
| 245 | _aENGINEERING MATHEMATICS SEMESTER III / | ||
| 260 |
_aNew Delhi: _bDiscovery Publishing House; _c2009. |
||
| 300 |
_a279p. ; _b18 cm. |
||
| 500 | _aHardcover. | ||
| 563 | _ahardcover | ||
| 942 |
_cBK _2ddc |
||
| 999 |
_c32599 _d32599 |
||